| 000 | 00728 a2200217 4500 | ||
|---|---|---|---|
| 999 |
_c9248 _d9248 |
||
| 020 | _a9780409051162 | ||
| 020 | _a0409051160 | ||
| 050 | 0 | 0 | _aKTL1402COH 2009 |
| 100 | 1 |
_aCohen, Tamara. _eauthor |
|
| 245 | 1 | 0 |
_aTrade unions and the law in South Africa / _cTamara Cohen, Alan Rycroft, Benita Whitcher. |
| 264 |
_aDurban: _bLexis Nexis., _c2009 |
||
| 300 | _axi, 140 p. ; | ||
| 500 | _aIncludes index. | ||
| 650 | 0 |
_aLabor unions _xLaw and legislation |
|
| 650 | 0 |
_aCollective bargaining _xLaw and legislation |
|
| 650 | 0 |
_aStrikes and lockouts _xLaw and legislation |
|
| 700 | 1 | _aRycroft, A. J. | |
| 700 | 1 | _aWhitcher, Benita. | |
| 942 |
_2lcc _cBK _h1402 _iCOH _kKTL |
||